Heartbreaking TV Moments Quiz Stats

Quiz Updated Jun 28, 2016

Challenge
Share
Tweet
Score 0/20 Timer 06:00
0 Plays Today
% Correct
The Simpsons
96.4%
The Big Bang Theory
96.1%
Friends
95.8%
The Office
95%
How I Met Your Mother
93.9%
Family Guy
92.8%
The Fresh Prince of Bel-Air
92.6%
Glee
91.9%
Game of Thrones
89.2%
Parks and Recreation
86%
% Correct
The Walking Dead
82.2%
Scrubs
81%
Two and a Half Men
72.6%
Doctor Who
71.5%
Grey's Anatomy
70.4%
Lost
69.2%
Breaking Bad
67.1%
House M.D.
57%
Downton Abbey
36.6%
Once Upon a Time
27.3%

You're not logged in!

Compare scores with friends on all Sporcle quizzes.
Join for Free
OR
Log In

You Might Also Like...

Show Comments

Extras

Top Quizzes Today


Score Distribution

Your Account Isn't Verified!

In order to create a playlist on Sporcle, you need to verify the email address you used during registration. Go to your Sporcle Settings to finish the process.

Report this User

Report this user for behavior that violates our Community Guidelines.

Details: